Štúdium syntézy nových π -konjugovaných heterocyklických zlúčenín vykazujúcich optoelektronické vlastnosti

Enregistré dans:
Détails bibliographiques
Auteur principal: Andicsová, Anita
Format: Livre
Langue:slovaque
Publié: Bratislava STU FCHPT 2010
Accès en ligne:Voir à l'OPAC
Tags: Ajouter un tag
Pas de tags, Soyez le premier à ajouter un tag!

MARC

LEADER 00000nam a2200000 a 4500
005 20260127134244.0
008 110127 2010 xo 000 0 slo d
035 |a vtls010206848 
039 9 |a 201101271107  |b mschk03  |y 201101271104  |z mschk03 
040 |a STUSCHK1  |b slo  |c STUSCHK1  |e AACR2 
100 1 |a Andicsová, Anita 
245 1 |a Štúdium syntézy nových π -konjugovaných heterocyklických zlúčenín vykazujúcich optoelektronické vlastnosti  |c Anita Andicsová 
260 |a Bratislava  |b STU FCHPT  |c 2010 
300 |a 187 s.  |b l.  |c 30 cm 
500 |a Dizertačná práca + CD-ROM 
500 |a Obháj.: 15.4.2010 
500 |a Fakulta chemickej a potravinárskej technológie, Odd. organickej chémie 
500 |a Štúdijný program: 4.1.16 organická chémia 
910 |a SCHK95 
999 |c 7990  |d 7990